| 000 | 00000nam 2200000zi 4500 |
| 001 | 9.644286 |
| 003 | CaOODSP |
| 005 | 20250506145324 |
| 006 | m o d f |
| 007 | cr |n||||||||| |
| 008 | 210622t19821981onca||||ob f000 0 fre d |
| 040 | |aCaOODSP|bfre|erda|cCaOODSP |
| 043 | |an-cn--- |
| 086 | 1 |aA53-1726/1982F-PDF|zA53-1726/1982F |
| 100 | 1 |aMaas, E.F., |eauteur. |
| 245 | 14|aLes milieux de culture artificiels en horticulture : |bpréparation et fertilisation pour plantes de plates-bandes, semis de légumes en blocs, légumes de serre, arbustes en contenants, potagers / |cE.F. Maas, R.M. Adamson (retraité). |
| 264 | 1|aOttawa : |bAgriculture Canada, |c1982. |
| 264 | 4|c©1981 |
| 300 | |a1 ressource en ligne (20 pages) : |billustrations |
| 336 | |atexte|btxt|2rdacontent/fre |
| 337 | |ainformatique|bc|2rdamedia/fre |
| 338 | |aressource en ligne|bcr|2rdacarrier/fre |
| 500 | |aPublication historique numérisée par Agriculture et Agroalimentaire Canada. |
| 500 | |aPublié aussi en anglais sous le titre : Artificial media in horticulture : their formulation and fertilization for bedding plants, vegetable seedling blocks, greenhouse vegetables, container-grown shrubs, home gardening. |
| 504 | |aComprend des références bibliographiques. |
| 650 | 6|aPlantes|xMilieux nutritifs artificiels. |
| 650 | 6|aTerre d'empotage. |
| 710 | 1 |aCanada.|bAgriculture Canada, |eorganisme de publication. |
| 775 | 08|tArtificial media in horticulture : |w(CaOODSP)9.700392 |
| 856 | 40|qPDF|s1661 Ko|uhttps://publications.gc.ca/collections/collection_2015/aac-aafc/A53-1726-1982-fra.pdf |
| 986 | |aPublication 1726/F |